000 00595nam a22001937a 4500
005 20250616120230.0
010 _aENG-145380
020 _a97881789243597
_c395.00
035 _aEN-128912
037 _bDBAD
082 1 4 _a320.954
_21
100 1 _aKaviraj, Sudipta
_982034
245 _aThe Enchantment of Democracy and India:
_bPolitics and ideas/
_cSudipta Kaviraj
250 _a1
260 _aDelhi
_bPermanent Black
_c2012
270 _aD-28, Oxford Apartments, 11, I.P. Extension
_bDelhi
_e110092
300 _a344p.
_c22cm(pbk)
942 _adpl
_cEN
_2ddc
_h320.954
_mKAV
999 _c211808
_d211808